000 00526nam a2200193Ia 4500
005 20250508152607.0
008 008 250505s9999 xx 000 0 eng d
037 _aTextual
040 _aFEDL
_beng
_cFEDL
041 _aeng
_2eng
084 _a375, GWY
_qFEDL
100 _aGwynn J Minor
_9139916
245 0 _aCurriculum principles and social trends
250 _a3
260 _aNew York, USA
_bThe Macmillan Company
_c1960
300 _axx,695p
942 _cTEXL
_h375, GWY
999 _c1337473
_d1337473